| 000 | 00536nam a22001937a 4500 | ||
|---|---|---|---|
| 003 | KOHA_MİRAKIL | ||
| 005 | 20251219101658.0 | ||
| 008 | 251219b tu ||||| |||| 00| 0 tur d | ||
| 020 | _a9786256385245 | ||
| 040 |
_aTR-AnABB _btur _cTR-AnABB |
||
| 041 | _atur | ||
| 082 |
_a050 _bKOC 2023 |
||
| 100 | 1 | _aKoçak, Cemil, | |
| 245 | 1 | 0 |
_aAkis dergisi öfke ve isyan / _cCemil Koçak |
| 260 |
_aİstanbul : _bVakıfbank Kültür Yayınları, _c2023 |
||
| 300 |
_a567 sayfa ; _c24 cm |
||
| 650 | 0 | 4 | _aDergiler |
| 942 |
_2ddc _cBK |
||
| 999 |
_c9788 _d9788 |
||
| 900 | _bGizem YORULMAZ | ||